000
00249nam a2200109Ia 4500
008
260210s9999 xx 000 0 und d
020
_a
9789881554703
100
_a
Hi-Design
245
0
_a
World Public Architecture
260
_b
Phoenix
942
_c
PG
999
_c
14035
_d
14035